Incorrect Geography - Statistics

General Stats
  • This quiz has been taken 13 times
  • The average score is 4 of 15
Answer Stats
Hint Answer % Correct
Name a continent that doesn't have the least population out of them all. Antarctica
67%
Name an ocean that doesn't border Thailand or that doesn't border Colombia Pacific Ocean
56%
Name a providence/territory of Canada that has an "n" or "c" Alberta
44%
Name a desert that isn't the driest one. Atacama
33%
Name a country with red, white, or blue on its flag. Jamaica
33%
Name a country that doesn't have only red, black, green, and white on its flag or that doesn't border Niger. Libya
22%
Name a country with more than 10 letters or that does not have all 5 vowels. Mozambique
22%
Name a US State that doesn't have only two colors on its flag or that borders the Caribbean Sea. New Mexico
22%
Name a country that doesn't have black on its flag or that doesn't border a country with pink on its flag. Portugal
22%
Name a country that isn't in Europe or a country whose name doesn't contain another countries' name. Romania
22%
Name a country that isn't in Europe or that does border Serbia or that does border Finland or that doesn't have only one vowel use like "Yemen". Malta
11%
Name a capital that doesn't have four letters or that doesn't have only red, white, and blue on its countries' flag. Oslo
11%
Name a US State that doesn't border water or that does border a flag with white on its flag. Alaska
0%
Name a country with an "a", "e", "i", or "o". Cyprus
0%
Name a country without purple on its flag or that is an island nation. Nicaragua
0%
No matching quizzes found
Score Distribution
Percent of People with Each Score
Percentile by Number Answered
Your Score History
You have not taken this quiz